[Event "6th Sharjah Masters 2023"]
[Site "Sharjah UAE"]
[Date "2023.05.25"]
[Round "9.35"]
[White "Iskandarov, Misratdin"]
[Black "Vescovi, Giovanni"]
[Result "1-0"]
[WhiteTitle "GM"]
[BlackTitle "GM"]
[WhiteElo "2577"]
[BlackElo "2606"]
[WhiteFideId "13400312"]
[BlackFideId "2100789"]
[EventDate "2023.05.17"]
[EventType "swiss"]

1. e4 c6 2. Nf3 d5 3. e5 Bf5 4. Nh4 Nh6 5. d4 e6 6. g3 Bg6 7. Bg2 Nf5 8. Nxg6
hxg6 9. O-O a5 10. c3 a4 11. Nd2 Nd7 12. Nf3 Nb6 13. Rb1 Qc7 14. b3 Be7 15. Qe2
axb3 16. axb3 c5 17. dxc5 Bxc5 18. g4 Nh6 19. h3 Nd7 20. c4 dxc4 21. bxc4 Ra7
22. Bf4 Ng8 23. Ng5 Ne7 24. Ne4 Nc8 25. Rfd1 b6 26. Nc3 O-O 27. Nb5 Qb8 28. Bc6
Nf6 29. Bg3 Ra5 30. Bg2 Na7 31. Nd6 Ra3 32. exf6 Rxg3 33. Ne4 Qc7 34. Nxg3 Qxg3
35. fxg7 Rc8 36. Rd3 Qc7 37. Rbd1 Nc6 38. Bxc6 Qxc6 39. Qe5 Be7 40. Rd7 Qc5 41.
Qxc5 Bxc5 42. Rd8+ Rxd8 43. Rxd8+ Kxg7 44. Kg2 g5 45. Kg3 Kf6 46. Rd7 Ke5 47.
Rxf7 Kd4 1-0

[Event "6th Sharjah Masters 2023"]
[Site "Sharjah UAE"]
[Date "2023.05.25"]
[Round "9.36"]
[White "Van Foreest, Lucas"]
[Black "Bernadskiy, Vitaliy"]
[Result "1/2-1/2"]
[WhiteTitle "GM"]
[BlackTitle "GM"]
[WhiteElo "2556"]
[BlackElo "2592"]
[WhiteFideId "1039792"]
[BlackFideId "14100371"]
[EventDate "2023.05.17"]
[EventType "swiss"]

1. d4 d5 2. c4 c6 3. cxd5 cxd5 4. Nf3 Nc6 5. Nc3 Nf6 6. Bf4 Bf5 7. e3 e6 8. Bd3
Bxd3 9. Qxd3 Bd6 10. Bxd6 Qxd6 11. O-O O-O 12. Rac1 Rac8 1/2-1/2

[Event "6th Sharjah Masters 2023"]
[Site "Sharjah UAE"]
[Date "2023.05.25"]
[Round "9.37"]
[White "Vasquez Schroeder, Rodrigo"]
[Black "Peralta, Fernando"]
[Result "1/2-1/2"]
[WhiteTitle "GM"]
[BlackTitle "GM"]
[WhiteElo "2524"]
[BlackElo "2596"]
[WhiteFideId "3400042"]
[BlackFideId "105309"]
[EventDate "2023.05.17"]
[EventType "swiss"]

1. e4 c6 2. d4 d5 3. Nc3 dxe4 4. Nxe4 Bf5 5. Ng3 Bg6 6. h4 h6 7. h5 Bh7 8. Nf3
e6 9. Bd3 Bxd3 10. Qxd3 Nf6 11. Bd2 Nbd7 12. O-O-O Be7 13. Ne4 Qb6 14. Nxf6+
Nxf6 15. Qe2 c5 16. dxc5 Bxc5 17. Bc3 O-O 18. Bxf6 gxf6 19. Rd3 Rad8 20. Rhd1
Rxd3 21. Rxd3 1/2-1/2

[Event "6th Sharjah Masters 2023"]
[Site "Sharjah UAE"]
[Date "2023.05.25"]
[Round "9.38"]
[White "Socko, Bartosz"]
[Black "Petkov, Momchil"]
[Result "1/2-1/2"]
[WhiteTitle "GM"]
[BlackTitle "GM"]
[WhiteElo "2591"]
[BlackElo "2522"]
[WhiteFideId "1107038"]
[BlackFideId "2921642"]
[EventDate "2023.05.17"]
[EventType "swiss"]

1. e4 c5 2. Nf3 Nc6 3. Bb5 e6 4. Bxc6 bxc6 5. d3 Ne7 6. h4 d6 7. h5 e5 8. h6 Bg4
9. hxg7 Bxg7 10. Bh6 Bxh6 11. Rxh6 Ng6 12. Nbd2 d5 13. Qc1 Qe7 14. g3 c4 15.
dxc4 Bxf3 16. Nxf3 dxe4 17. Nh4 O-O-O 18. a3 Qc5 19. Qe3 Qxe3+ 20. fxe3 Nxh4 21.
Rxh4 Rhg8 22. Rd1 Rxd1+ 23. Kxd1 Rxg3 24. Rxe4 f6 25. Ke2 h5 26. Rh4 Rg5 27. c5
f5 28. Kd3 f4 29. exf4 exf4 30. b4 Rg3+ 31. Kd4 Rxa3 32. Rxf4 a5 33. Ke5 Rg3 34.
Rf6 Kd7 35. Rf7+ Ke8 36. Rh7 axb4 37. Kd6 Rg6+ 38. Kc7 Rg2 39. Kxc6 Rxc2 40. Rb7
b3 41. Rxb3 Kf7 42. Kb6 Kg6 43. c6 h4 44. c7 Rxc7 45. Kxc7 Kg5 46. Kd6 Kg4 47.
Ke5 h3 48. Rb1 h2 49. Ke4 Kg3 50. Ke3 Kg2 51. Rb2+ Kg1 52. Rxh2 Kxh2 53. Ke4 1/2-1/2